<?xml version="1.0" encoding="UTF-8"?>
<marc:record xmlns:marc="http://www.loc.gov/MARC21/slim">
   <marc:leader>00000nam a2200000 a 4500</marc:leader>
   <marc:datafield ind1="1" ind2=" " tag="100">
      <marc:subfield code="a">Strassmann, René-Anton</marc:subfield>
      <marc:subfield code="4">aut</marc:subfield>
      <marc:subfield code="e">Verfasser/-in</marc:subfield>
   </marc:datafield>
   <marc:datafield ind1=" " ind2=" " tag="653">
      <marc:subfield code="a">Baum</marc:subfield>
   </marc:datafield>
   <marc:datafield ind1=" " ind2=" " tag="653">
      <marc:subfield code="a">Naturheilmittel</marc:subfield>
   </marc:datafield>
   <marc:datafield ind1=" " ind2=" " tag="653">
      <marc:subfield code="a">Ratgeber</marc:subfield>
   </marc:datafield>
   <marc:datafield ind1=" " ind2=" " tag="653">
      <marc:subfield code="a">Wörterbuch</marc:subfield>
   </marc:datafield>
   <marc:datafield ind1="0" ind2="0" tag="245">
      <marc:subfield code="a">Baumheilkunde</marc:subfield>
   </marc:datafield>
   <marc:datafield ind1="0" ind2="0" tag="245">
      <marc:subfield code="b">Heilkraft, Mythos und Magie der Bäume</marc:subfield>
   </marc:datafield>
   <marc:datafield ind1="0" ind2="0" tag="245">
      <marc:subfield code="c">Renato Strassmann</marc:subfield>
   </marc:datafield>
   <marc:datafield ind1=" " ind2="1" tag="264">
      <marc:subfield code="a">Baden</marc:subfield>
      <marc:subfield code="b">AT-Verl.</marc:subfield>
      <marc:subfield code="c">2006</marc:subfield>
   </marc:datafield>
   <marc:datafield ind1=" " ind2=" " tag="250">
      <marc:subfield code="a">5. Aufl.</marc:subfield>
   </marc:datafield>
   <marc:datafield ind1="1" ind2=" " tag="520">
      <marc:subfield code="a">Angaben aus der Verlagsmeldung

Baumheilkunde : Mythos und Magie der Bäume / von Renato Strassmann

Dem Baum wurden seit je mächtige Kräfte zugesprochen;
immer wieder wurde er als Vermittler heilsamer
Impulse herbeigezogen. Diesem alten Wissen geht der
Autor in seinem Buch in einfühlsamer Weise nach. Er
porträtiert 40 einheimische Bäume und schildert seine
Erfahrungen und Begegnungen mit ihnen. Er führt den
Leser weg vom alleinigen Wissen um das Wirken der Inhaltsstoffe
und begleitet ihn hin zur Erfahrung des Lebensgeistes
der Bäume. Dabei beschreibt er detailliert
die Wirkungen der einzelnen Bäume auf dem Gebiet der
Medizin, in der traditionellen Volksheilkunde, in der Esoterik
und in der Baumheilkunde, ergänzt durch Hinweise
auf weitere Verwendungszwecke.
Dem Autor gelingt es, uns vom Augenblick der Begegnung
berühren und die heilenden und ausgleichenden
Kräfte des Baumes erfahren zu lassen.
</marc:subfield>
   </marc:datafield>
   <marc:datafield ind1=" " ind2=" " tag="020">
      <marc:subfield code="a">9783038002802</marc:subfield>
      <marc:subfield code="9">9783038002802</marc:subfield>
   </marc:datafield>
   <marc:datafield ind1=" " ind2=" " tag="020">
      <marc:subfield code="a">3038002801</marc:subfield>
      <marc:subfield code="9">3038002801</marc:subfield>
   </marc:datafield>
   <marc:datafield ind1=" " ind2=" " tag="041">
      <marc:subfield code="a">ger</marc:subfield>
   </marc:datafield>
   <marc:datafield ind1=" " ind2=" " tag="300">
      <marc:subfield code="a">303 S.</marc:subfield>
   </marc:datafield>
</marc:record>
